00352nam a2200133Ia 4500008004100000100002900041245004200070250001200112260003900124300000900163650002400172942000700196999001500203190216s9999||||xx |||||||||||||| ||und|| aEmeleus H J & Sharpe 0aModern Aspects Of Inorganic Chemistry a4th Ed. bUniversal Bookstall Newdelhic1994 a677p aChemistry-Chemistry cBK c2816d2816